书目信息 |
| 题名: |
建筑力学
|
|
| 作者: | 黄绍平 著 | |
| 分册: | ||
| 出版信息: | 北京 中国水利水电出版社 2008.02 |
|
| 页数: | 319页 | |
| 开本: | 26cm | |
| 丛书名: | ||
| 单 册: | ||
| 中图分类: | TU311 | |
| 科图分类: | ||
| 主题词: | 建筑结构--结构计算 | |
| 电子资源: | ||
| ISBN: | 978-7-5084-5204-3 | |
| 000 | 00636 nam 000241 | |
| 001 | 0100000536 | |
| 005 | 20091215162751.14 | |
| 010 | @a978-7-5084-5204-3@dCNY45.80 | |
| 100 | @a20090529d2006 em y0chiy0121 ea | |
| 101 | @achi | |
| 102 | @aCN | |
| 105 | @ay z 000yy | |
| 106 | @ar | |
| 200 | 10 | @a建筑力学@9jian zhu li xue@f黄绍平著@Fhuang shao ping zhu |
| 210 | @a北京@c中国水利水电出版社@d2008.02 | |
| 215 | @a319页@d26cm | |
| 540 | @a建筑力学 | |
| 606 | @a建筑结构@x结构计算 | |
| 690 | @aTU311@v4 | |
| 701 | 0 | @a黄绍平@9huang shao ping@4著 |
| 801 | @aCN@c20091215 | |
| 901 | @a000001 | |
| 905 | @b852566-9@dTU311@eH880@f4 | |
| 建筑力学/黄绍平著.-北京:中国水利水电出版社,2008.02 |
| 319页;26cm |
| ISBN 978-7-5084-5204-3:CNY45.80 |
| ● |
| 相关链接 |
|
|
|
正题名:建筑力学
索取号:TU311/H880
 
预约/预借
| 序号 | 登录号 | 条形码 | 馆藏地/架位号 | 状态 | 备注 |
| 1 | 852566 | 208525666 | 建筑库101/101建筑库 77排3列1层/ [索取号:TU311/H880] | 在馆 | |
| 2 | 852567 | 208525675 | 建筑库101/101建筑库 77排3列1层/ [索取号:TU311/H880] | 在馆 | |
| 3 | 852568 | 208525684 | 建筑库101/101建筑库 77排3列1层/ [索取号:TU311/H880] | 在馆 | |
| 4 | 852569 | 208525693 | 自科二线404/404自科库 4排3列5层/ [索取号:TU311/H880] | 在馆 |